| 000 | 00893cam a2200229 4500 | ||
|---|---|---|---|
| 001 | ABS61491 | ||
| 008 | 000000n1999 000 0 eng u | ||
| 035 | _a(Sirsi) u102270 | ||
| 100 | _aGreeman, A. | ||
| 245 | _aCosting for life | ||
| 260 | _c1999 | ||
| 490 |
_aConstruction News _v(6641) 11 November 1999, 31(1) |
||
| 520 | _aCompanies are increasingly taking account of whole life costings when looking at profitability, a trend which is reflected in the BRE's establishment of the Whole Life Cost Forum, which will collect data on, among other things, component costs, maintenance requirements and cleaning costs. | ||
| 590 | _aABS | ||
| 650 | _aWHOLE-LIFE COSTING | ||
| 650 | _aBUILDING COMPONENTS | ||
| 650 | _aMAINTENANCE COSTS | ||
| 650 | _aBUILDING RESEARCH ESTABLISHMENT | ||
| 650 | _aWHOLE LIFE COST FORUM | ||
| 690 | _aBUILT ENVIRONMENT-BUILDING COSTS | ||
| 942 | _n0 | ||
| 999 |
_c61301 _d61301 |
||